Statistics for 《崩坏:星穹铁道》2.1版本所有角色

Click here to take the quiz!

General Stats

  • This quiz has been taken 278 times
    (55 since last reset)
  • The average score is 28 of 47

Answer Stats

% Correct
星穹列车姬子
97%
星穹列车开拓者
94%
星穹列车三月七
91%
星核猎手卡芙卡
91%
空间站「黑塔」黑塔
91%
星穹列车瓦尔特
88%
星穹列车丹恒
88%
星核猎手银狼
88%
星核猎手
85%
贝洛伯格杰帕德
79%
空间站「黑塔」阮·梅
79%
贝洛伯格希露瓦
76%
贝洛伯格希儿
76%
贝洛伯格布洛妮娅
76%
空间站「黑塔」艾丝妲
76%
空间站「黑塔」阿兰
76%
假面愚者花火
73%
流光忆庭黑天鹅
67%
星际和平公司托帕&账账
67%
仙舟「罗浮」景元
64%
博识学会真理医生
64%
纯美骑士团银枝
61%
星际和平公司砂金
58%
贝洛伯格娜塔莎
55%
贝洛伯格桑博
55%
自灭者黄泉
52%
贝洛伯格佩拉
48%
贝洛伯格克拉拉
48%
仙舟「罗浮」藿藿
48%
贝洛伯格虎克
48%
仙舟「罗浮」符玄
45%
仙舟「罗浮」丹恒·饮月
45%
贝洛伯格玲可
45%
贝洛伯格卢卡
42%
仙舟「罗浮」镜流
42%
仙舟「罗浮」彦卿
36%
仙舟「罗浮」停云
36%
匹诺康尼米沙
36%
匹诺康尼加拉赫
36%
仙舟「罗浮」素裳
33%
仙舟「罗浮」桂乃芬
33%
仙舟「罗浮」罗刹
30%
仙舟「罗浮」驭空
30%
仙舟「罗浮」白露
27%
仙舟「罗浮」寒鸦
27%
仙舟「罗浮」雪衣
27%
仙舟「罗浮」青雀
24%

Score Distribution

Percentile by Number Answered

Percent of People with Each Score

Your Score History

You have not taken this quiz since the last reset